00924nam a22002657a 45000010005000000030010000050050017000150080041000320200015000730400025000880800027001131000034001402450140001742500011003142600033003253000027003585040025003856500039004106500041004496500045004906500041005356500036005767000019006127000027006311599BR-CuiBMT20231217015748.0231217s2002 spba 000 0 por d a852243266x aBR-CuiBMTcBR-CuiBMT a001.8:33+657/658220071 aMarion, José Carlos,d1949-10aMonografia para os cursos de administração, contabilidade e economia /cJosé Carlos Marion, Reinaldo Dias, Maria Cristina Traldi. a1. ed. aSão Paulo :bAtlas,c2002. a135 p. :bil. ;c24 cm aInclui bibliografia. aPesquisaxMetodologia científica aTrabalhos científicosxRedação aAdministraçãoxRedação técnica aContabilidadexRedação técnica aEconomiaxRedação técnica1 aDias, Reinaldo1 aTraldi, Maria Cristina